| 000 | | | 05125nmc2a2200000 x 450 |
| 001 | | | 63a2eed6-fd62-4a08-a4db-cfbe7367928d |
| 005 | | | 20170113110432.0 |
| 100 | ## | $a | 20140507l18031808k l0rusy0189 ca |
| 101 | 0# | $a | rus |
| 102 | ## | $a | RU |
| 200 | 1# | $a | Дела об учреждении училищной комиссии из состава профессоров Дерптского университета для осуществления надзора над училищами Дерптского округа и об опубликовании устава учебных заведений, утвержденного в 1804 году |
| | $j | 10 апреля 1803 г. - 12 июля 1808 г. |
| 251 | ## | $c | Дело |
| 300 | ## | $a | Дело |
| 300 | ## | $a | Ориг. заголовок дела: Дело по представлению попечителя Дерптского округа о учреждении при Дерптском университете училищной комиссии и избрании членами оной: Парота, Моргенштерна, Меотина, Зонтага, Пензпана, Гели и Балка. Тут же: высочайше утвержденные постановления Дерптского университета, касательно надзирания училищ сего округа и штат оных училищ и ежегодного содержания. Тут же: рескрипты, которым повелено пополнять расходы Дерптского университета суммами других округов, где еще все училища не открыты и остатки находятся. 18 апреля 1803 г. - 18 июня 1804 г |
| 801 | #0 | $a | RU |
| | $b | РГИА |
| | $c | 20140507 |
| | $g | RCR |
| 801 | #1 | $a | RU |
| | $b | ГлавНИВЦ |
| | $c | 20140507 |
| | $2 | rusmarc |
| 801 | #2 | $a | RU |
| | $b | ПБ им. Б.Н. Ельцина |
| | $c | 20170113 |
| | $g | RCR |
| | $2 | rusmarc |
| 850 | ## | $a | РГИА |
| 852 | ## | $a | РГИА |
| | $e | Федеральное казенное учреждение "Российский государственный исторический архив" (РГИА) |
| | $j | 30 |
| 937 | ## | $h | РГИА |
| | $d | 11167596 |
| | $a | ASBIBLIO_SCAN |
| 462 | #0 | $1 | 0015faafd89-1df2-4e8f-a0ba-1d8a620713c6 |
| | $1 | 2001 |
| | $a | Дела Департамента народного просвещения по Дерптскому учебному округу за 1802-1836 гг. |
| | $1 | 251 |
| | $c | Опись |
| | $1 | 852 |
| | $j | 56 |
| 461 | #0 | $1 | 001a74412a3-3cc5-4d21-8f0a-dfe2fbd9e72d |
| | $1 | 2001 |
| | $a | Департамент народного просвещения Министерства народного просвещения (1803-1917) |
| | $1 | 251 |
| | $c | Фонд |
| | $1 | 852 |
| | $j | 733 |
| 215 | ## | $a | 56 л. |
| | $d | 36,5х26 см |
| 371 | ## | $a | Документ не является опубликованным и широко распространяемым |
| 105 | ## | $a | y### |
| 122 | 2# | $a | d |
| 517 | 1# | $a | Дело по представлению попечителя Дерптского округа о учреждении при Дерптском университете училищной комиссии и избрании членами оной: Парота, Моргенштерна, Меотина, Зонтага, Пензпана, Гели и Балка. Тут же: высочайше утвержденные постановления Дерптского университета, касательно надзирания училищ сего округа и штат оных училищ и ежегодного содержания. Тут же: рескрипты, которым повелено пополнять расходы Дерптского университета суммами других округов, где еще все училища не открыты и остатки находятся. 18 апреля 1803 г. - 18 июня 1804 г. |
| 035 | ## | $a | 63a2eed6-fd62-4a08-a4db-cfbe7367928d |
| 856 | ## | $u | http://readingroom.main.prlib.ru/item.aspx?id_node=n94228116&mode=full |